000 00733nam a22002177a 4500
003 UA-OsUOA
001 116264
007 ta
008 20160225b un ||||| |||| 00| 0 ukr d
100 _aМомотюк Л.Є.
090 _a330(477)
_bМ76
942 _cSA
040 _aUA-OsUOA
_bukr
_cUA-OsUOA
_dUA-OsUOA
245 _aПрогнозування фінансової нестабільності в Україні за допомогою попереджувальних сигнальних індикаторів
300 _aС.27-32
955 _a0
041 _aukr
080 _a330(477)
773 0 _w116259
_tСтатистика України
_dК.
_d2015
_g3
650 7 _a330 Економіка взагалі
_2UDC
999 _c402150
_d402150